000 00545nam a2200193 a 4500
001 2014
005 20140414132041.0
008 050216s19uu xx 00 eng d
020 _a0-8136-2905-5
050 _aBB
_bSA1 1992
100 _aJones, Anne
245 _aSafety at home /
_cwritten by Anne Jones.
260 _aCleveland, Ohio :
_bModer Curriculum Press,
_c1992.
300 _a16 p. : ill. ; cm.
440 _aConcept Health
650 _aHealth
_xJuvenile literature.
650 _aSafety
_xJuvenile literature.
999 _c113851
_d113851